The life of Charlotte Brontë : V.1 /

Saved in:
Bibliographic Details
Main Author: Gaskell, Elizabeth Cleghorn, 1810-1865.
Format: Book
Language:English
Published: London : Routledge/Thoemmes Press, 1997.
Subjects:
Tags: Add Tag
No Tags, Be the first to tag this record!
Institutions: Mạng thư viện Đại học Đà Nẵng
LEADER 01075cam a2200361 i 4500
001 000048776
003 8501
005 20030310150842.0
008 010326|1997 vm 000 eng
020 |a 0415168732 
040 |a IRC  |c IRC  |d IRC 
041 0 |a eng 
082 1 4 |a 823.8  |b GA-E 
100 1 |a Gaskell, Elizabeth Cleghorn,  |d 1810-1865. 
245 0 4 |a The life of Charlotte Brontë :  |n V.1 /  |c Elizabeth C. Gaskell ; Introduction to Appendeix B by Charles Lemon ; series edited by Charles Lemon. 
260 |a London :  |b Routledge/Thoemmes Press,  |c 1997. 
300 |a 1 v. (various pagings) ;  |c 21.5cm. 
600 0 4 |a Bronte, Charlotte,  |d 1816-1855. 
630 0 4 |a Biography. 
630 0 4 |a Bronte family. 
630 0 4 |a Charlotte Bronte. 
650 0 4 |a Brontë family  |x Biography. 
650 0 4 |a Bronte, Charlotte,  |d 1816-1855. 
OWN |a DUT 
999 |a From the UDN01 
TYP |a Monograph 
TYP |a Printed language 
980 |a Mạng thư viện Đại học Đà Nẵng